000 00322nam a22001337a 4500
008 181022b xxu||||| |||| 00| 0 eng d
020 _a9780961820978
041 _aeng
080 _24th
_a371
100 _a46
101 _aEDU
245 _aAssessment of Children Cognitive Appliactions
_cSattler,J.M
942 _2udc
_cBK
999 _c50397
_d50397